000 00578nam a2200181Ia 4500
008 090124s9999 xx 000 0 und d
082 _b46552
100 _aखांडेकर राजीव
245 _a हार्ट टू हार्ट भाग 2
250 _a1
260 _c2007
300 _a180
600 _aखांडेकर राजीव
630 _a हार्ट टू हार्ट भाग 2
700 _aखांडेकर राजीव
730 _a हार्ट टू हार्ट भाग 2
942 _cBOOK
999 _c112758
_d112758